Dr. B.R. Ambedkar on women empowerment : (Record no. 104800)

MARC details
000 -LEADER
fixed length control field 00687nam a22002057a 4500
005 - DATE AND TIME OF LATEST TRANSACTION
control field 20230201144304.0
010 ## - LCCN (DPL NO)
LC control number ENG-116682
020 ## - INTERNATIONAL STANDARD BOOK NUMBER
International Standard Book Number 9788184845280
Terms of availability 850.00
035 ## - SYSTEM CONTROL NUMBER
System control number EN-100214
037 ## - SOURCE OF ACQUISITION
Source of stock number/acquisition DBAD/PUB
082 ## - DEWEY DECIMAL CLASSIFICATION NUMBER
Classification number 305.420954
245 ## - TITLE STATEMENT
Title Dr. B.R. Ambedkar on women empowerment :
Remainder of title contemporary relevance/
Statement of responsibility, etc edited by Satyendra Prajapati [and] Satyendra Narayan Singh
260 ## - PUBLICATION, DISTRIBUTION, ETC. (IMPRINT)
Place of publication, distribution, etc New Delhi
Name of publisher, distributor, etc Regal Publications
Date of publication, distribution, etc 2016
270 ## - ADDRESS
Address F-159 Rajouri Garden
City New Delhi
Postal code 110027
300 ## - PHYSICAL DESCRIPTION
Extent xxii,172p.
Dimensions 23cm(Hb)
500 ## - GENERAL NOTE
General note Includes index
700 ## - ADDED ENTRY--PERSONAL NAME
Personal name Satyendra Prajapati
700 ## - ADDED ENTRY--PERSONAL NAME
Personal name Satendra Narayan Singh
942 ## - ADDED ENTRY ELEMENTS (KOHA)
Source of classification or shelving scheme Dewey Decimal Classification
Item type English Books
Classification part 305.420954
Call number suffix PRA
Holdings
Withdrawn status Lost status Not for loan Collection code Home library Current library Date acquired Source of acquisition Cost, normal purchase price Full call number Barcode Copy number Cost, replacement price Koha item type
      Non-fiction Kasturba Gandhi Marg Kasturba Gandhi Marg 28/11/2016 DBAD/PUB 850.00 305.420954 PRA EN-100214 1 850.00 English Books

© Delhi Public Library
Hit Counter
free hit counter